00750aam a2200253 i 4500001001000000003001000010005001700020007000300037008004100040040001400081041000800095082002300103100003400126245011200160264005200272264001100324300001800335336002700353337003300380338002800413563001400441650001900455653002200474768714001CO-MdFUSB20250521111048.0ta250521t1970 -us |||| |||| 00| 0 eng d cCO-MdFUSB0 aeng04223a248.4 bG6621q1 aGordon, Thomas (1918-)eautor10aP.E.T. Parent effectiveness training : bthe trasted new way to raise responsible childrenc/ Thomas Gordon 1bNew American Library,aNew York, USA : c[1970] 4c©1970 a334 páginas atextobtxt2rdacontent 2rdamediaasin mediaciónbn 2rdacarrieravolumenbnc aRústico 0aVida cristiana aFamilia cristiana